000 00402nam a2200157Ia 4500
008 241127s9999||||xx |||||||||||||| ||und||
020 _a9781856177672
_c197.2197.2
040 _beng
_cSSK Library
_erda
082 _a510.2462/BIR
100 _a John Bird
245 0 _aHigher Engineering Mathematics
260 _b Elsevier
_c©2010
942 _22ddc
_cBOOK
_nNo
999 _c10816
_d10816
003 OSt
005 20241127152837.0